[Event "Coupe de la Federation"]
[Site "?"]
[Date "2002.10.27"]
[Round "3"]
[White "Mathieu, Jacques"]
[Black "Royet, Damien"]
[Result "1-0"]
[WhiteElo "1499"]
[BlackElo "1499"]
[PlyCount "98"]

1. e4 e5 2. Nf3 d6 3. d4 f6 4. dxe5 fxe5 5. Bg5 Nf6 6. Nc3 Bg4 7. Be2 Be7 8. h3
Bxf3 9. Bxf3 Nc6 10. O-O Qd7 11. Bxf6 Bxf6 12. Bg4 Qe7 13. Nd5 Qf7 14. c3 O-O
15. Bh5 g6 16. Bg4 Nd8 17. Qb3 Ne6 18. Nxf6+ Qxf6 19. Qxe6+ Qxe6 20. Bxe6+ Kg7
21. Rad1 Rae8 22. Bb3 b6 23. Ba4 Rd8 24. Bc6 h6 25. b4 g5 26. b5 Rf4 27. Rd3
Rf6 28. c4 Rb8 29. a4 Rff8 30. Ra1 Kf7 31. a5 bxa5 32. Rxa5 a6 33. Rxa6 Rfc8
34. Rda3 Ke7 35. Ra8 Rxa8 36. Rxa8 Rxa8 37. Bxa8 Kd8 38. Kf1 Kc8 39. Ke2 Kb8
40. Bc6 Ka7 41. Kf3 Kb6 42. Kg4 Kc5 43. Bd5 Kd4 44. Kh5 Kd3 45. Kxh6 Ke2 46.
Kxg5 Kxf2 47. g4 Kg3 48. h4 Kh3 49. h5 Kg3 1-0

[Event "Coupe de la Federation"]
[Site "?"]
[Date "2002.10.27"]
[Round "3"]
[White "Konieczny, Johan"]
[Black "Langlade, Remi"]
[Result "1-0"]
[WhiteElo "1099"]
[BlackElo "1499"]
[PlyCount "53"]

1. e4 e5 2. Nf3 Nc6 3. Bc4 Bc5 4. c3 d6 5. d4 exd4 6. cxd4 Bb4+ 7. Nc3 Qe7 8.
O-O Bxc3 9. bxc3 Qxe4 10. Re1 Qxe1+ 11. Qxe1+ Nge7 12. Bg5 f6 13. Bf4 Bf5 14.
d5 Na5 15. Bb5+ Kf7 16. c4 b6 17. Nd4 a6 18. Nxf5 Nxf5 19. Qe6+ Kg6 20. Bd7 Nd4
21. Qg4+ Kf7 22. Rd1 Nc2 23. Qe6+ Kf8 24. Rd2 Nb4 25. Re2 Nxc4 26. Qe7+ Kg8 27.
Be6# 1-0

[Event "Coupe de la Federation"]
[Site "?"]
[Date "2002.10.27"]
[Round "3"]
[White "Coste, Sebastien"]
[Black "Borron, Herve"]
[Result "0-1"]
[WhiteElo "1299"]
[BlackElo "1199"]
[PlyCount "128"]

1. e4 e5 2. Nf3 Nc6 3. d4 d6 4. d5 Nce7 5. Be2 Nf6 6. Nc3 c6 7. dxc6 Nxc6 8. b3
Be7 9. O-O O-O 10. Bd3 Nb4 11. Ne1 Nxd3 12. Qxd3 Be6 13. a4 d5 14. exd5 Nxd5
15. Nxd5 Qxd5 16. Qg3 Qd4 17. Bh6 Bf6 18. Be3 Qxa1 19. Nf3 Qb2 20. Rc1 e4 21.
Ng5 Bxg5 22. Bxg5 Rac8 23. Bh6 a6 24. h4 Qf6 25. Bg5 Qg6 26. c4 f6 27. Bf4 Qxg3
28. Bxg3 b5 29. axb5 axb5 30. Bd6 Rfe8 31. Re1 bxc4 32. bxc4 Rxc4 33. Bf4 Bd7
34. Rd1 Ba4 35. Ra1 Rec8 36. Rb1 Bc2 37. Ra1 Ra4 38. Re1 Rca8 39. Kh2 Ra1 40.
Re2 R8a2 41. Be3 Bd3 42. Bd4 Rxe2 43. Bxa1 Rxf2 44. Kg3 Ra2 45. Bd4 Ra8 46. Kf4
Kf7 47. g4 h6 48. Ke3 g5 49. h5 Ke6 50. Kd2 f5 51. gxf5+ Kxf5 52. Ke3 Rg8 53.
Kf2 g4 54. Kg3 Kg5 55. Kg2 Kf4 56. Kf2 g3+ 57. Kg2 e3 58. Bc3 Be4+ 59. Kg1 Kf3
60. Be1 Rg5 61. Bc3 Rxh5 62. Bg7 e2 63. Bc3 Rb5 64. Bd2 Rb1+ 0-1